000 01657nab a22002297a 4500
999 _c6003
_d6003
003 OSt
005 20260115224204.0
008 190605e xxu||||| |||| 00| 0 spa d
040 _cPJ
100 _96815
_a Yasin, Omar Nills
245 1 3 _aEl fuero del trabajo de la Ciudad Autónoma de Buenos Aires, su contundente constitucionalidad. Competencia, aspectos prácticos de su funcionamiento /
_cOmar Nills Yasin, Alberto A. Edgardo Khalil.
260 _aCiudad Autónoma de Buenos Aires :
_bThomson Reuters La Ley,
_c2025.
300 _ap. 5-21
500 _aCita Online: Cita: TR LALEY AR/DOC/842/2025.
505 _a Sumario: I. Introducción.— II. El inicio del derrotero en vísperas del escenario final, caso "Asociación de Magistrados y Funcionarios de la Justicia Nacional c/ Gobierno de la Ciudad Autónoma de Buenos Aires (leyes 6789 y 6790) y otro s/ medida cautelar (autónoma)".— III. Nuestra opinión respecto de un fallo que ciertamente se aleja de lo que supuestamente debería defender.— IV. El caso del Tribunal de trabajo para el personal de casas particulares.— V. El caso de la ley 27.348 complementaria de la Ley sobre Riesgos del Trabajo.— VI. Colisión de competencias, dilucidación de posibles planteos.— VII. Conclusión.
505 _t¿Te interesa el texto completo? Solicitalo al correo: koha@justierradelfuego.gov.ar
650 0 _91316
_aDERECHO LABORAL
650 0 _92397
_aCOMPETENCIA
700 _96816
_aKhalil, Alberto A. Edgardo
773 0 _02711
_93168
_dCiudad Autónoma de Buenos Aires : Thomson Reuters La Ley, 1999-2002.
_tRevista de derecho del trabajo. Nº 3 - Mayo 2025
942 _2udc
_cANA